[Event "Team Championship (men rapid)"]
[Site "Sochi"]
[Date "2017.10.03"]
[Round "4.28"]
[White "Utnasunov, Alexander"]
[Black "Ozgibcev, Anatoly"]
[Result "1/2-1/2"]
[LiveChessVersion "1.4.8"]
[BlackElo "2346"]
[WhiteElo "2442"]

1. d4 {[%clk 0:15:17]} d5 {[%clk 0:15:18]} 2. c4 {[%clk 0:15:25]} e6
{[%clk 0:15:27]} 3. Nc3 {[%clk 0:15:33]} c5 {[%clk 0:15:34]} 4. cxd5
{[%clk 0:15:35]} exd5 {[%clk 0:15:43]} 5. Nf3 {[%clk 0:15:20]} Nc6
{[%clk 0:15:51]} 6. g3 {[%clk 0:14:27]} Nf6 {[%clk 0:15:58]} 7. Bg2
{[%clk 0:14:35]} cxd4 {[%clk 0:16:05]} 8. Nxd4 {[%clk 0:14:43]} Be7
{[%clk 0:16:14]} 9. O-O {[%clk 0:14:46]} O-O {[%clk 0:16:23]} 10. a3
{[%clk 0:13:24]} Bg4 {[%clk 0:16:21]} 11. h3 {[%clk 0:13:26]} Be6
{[%clk 0:16:29]} 12. b4 {[%clk 0:13:26]} a5 {[%clk 0:15:30]} 13. b5
{[%clk 0:12:23]} Nxd4 {[%clk 0:15:20]} 14. Qxd4 {[%clk 0:12:31]} Rc8
{[%clk 0:15:01]} 15. Bb2 {[%clk 0:11:56]} Qd7 {[%clk 0:14:24]} 16. Rfd1
{[%clk 0:07:50]} Rfd8 {[%clk 0:13:31]} 17. g4 {[%clk 0:07:20]} h6
{[%clk 0:12:37]} 18. e3 {[%clk 0:06:22]} Bc5 {[%clk 0:11:32]} 19. Qf4
{[%clk 0:04:57]} Bd6 {[%clk 0:10:05]} 20. Qf3 {[%clk 0:04:35]} Qe7
{[%clk 0:08:49]} 21. Ne2 {[%clk 0:04:27]} Ne4 {[%clk 0:08:30]} 22. Nd4
{[%clk 0:04:26]} Nc3 {[%clk 0:07:55]} 23. Bxc3 {[%clk 0:04:09]} Rxc3
{[%clk 0:08:03]} 24. a4 {[%clk 0:04:05]} Qg5 {[%clk 0:07:00]} 25. Rac1
{[%clk 0:03:48]} Rdc8 {[%clk 0:06:59]} 26. Rxc3 {[%clk 0:03:03]} Rxc3
{[%clk 0:07:07]} 27. Nf5 {[%clk 0:03:04]} Bc5 {[%clk 0:06:01]} 28. Qg3
{[%clk 0:02:05]} Kh7 {[%clk 0:05:01]} 29. Bxd5 {[%clk 0:01:30]} Bxf5
{[%clk 0:04:44]} 30. gxf5 {[%clk 0:01:39]} Qxg3+ {[%clk 0:04:52]} 31. fxg3
{[%clk 0:01:48]} Rxe3 {[%clk 0:04:58]} 32. Kg2 {[%clk 0:01:39]} Re7
{[%clk 0:05:06]} 33. Kf3 {[%clk 0:01:25]} b6 {[%clk 0:04:39]} 34. Be4
{[%clk 0:01:34]} g6 {[%clk 0:04:35]} 35. g4 {[%clk 0:00:41]} 1/2-1/2

[Event "Team Championship (men rapid)"]
[Site "Sochi"]
[Date "2017.10.03"]
[Round "4.29"]
[White "Kurbedinov, Ramis"]
[Black "Tsoi, Dmitry"]
[Result "1/2-1/2"]
[LiveChessVersion "1.4.8"]
[BlackElo "2310"]
[WhiteElo "2244"]

1. d4 {[%clk 0:15:19]} Nf6 {[%clk 0:15:19]} 2. c4 {[%clk 0:15:27]} e6
{[%clk 0:15:29]} 3. Nc3 {[%clk 0:15:30]} Bb4 {[%clk 0:15:36]} 4. e3
{[%clk 0:15:38]} O-O {[%clk 0:15:44]} 5. Bd3 {[%clk 0:15:44]} d5 {[%clk 0:15:52]}
6. Nf3 {[%clk 0:15:41]} c5 {[%clk 0:16:01]} 7. a3 {[%clk 0:15:36]} Bxc3+
{[%clk 0:16:09]} 8. bxc3 {[%clk 0:15:45]} dxc4 {[%clk 0:16:18]} 9. Bxc4
{[%clk 0:15:54]} Qc7 {[%clk 0:16:27]} 10. Ba2 {[%clk 0:15:36]} Nc6
{[%clk 0:16:31]} 11. O-O {[%clk 0:14:59]} Rd8 {[%clk 0:16:40]} 12. c4
{[%clk 0:14:29]} e5 {[%clk 0:16:36]} 13. d5 {[%clk 0:14:19]} e4 {[%clk 0:16:45]}
14. Nd2 {[%clk 0:14:15]} Ne5 {[%clk 0:16:40]} 15. Bb2 {[%clk 0:14:06]} Bg4
{[%clk 0:16:07]} 16. Qc2 {[%clk 0:13:07]} Be2 {[%clk 0:15:30]} 17. Nxe4
{[%clk 0:12:55]} Bxf1 {[%clk 0:13:29]} 18. Nxf6+ {[%clk 0:13:03]} gxf6
{[%clk 0:13:38]} 19. Rxf1 {[%clk 0:13:11]} Kg7 {[%clk 0:12:54]} 20. f4
{[%clk 0:12:32]} Ng6 {[%clk 0:11:49]} 21. Qf5 {[%clk 0:11:52]} Rd6
{[%clk 0:07:48]} 22. e4 {[%clk 0:11:46]} Rb6 {[%clk 0:07:55]} 23. Bc3
{[%clk 0:10:03]} Kg8 {[%clk 0:03:39]} 24. Bxf6 {[%clk 0:09:13]} Qc8
{[%clk 0:03:46]} 25. Qxc8+ {[%clk 0:07:26]} Rxc8 {[%clk 0:03:55]} 26. Bc3
{[%clk 0:07:26]} Ra6 {[%clk 0:03:50]} 27. Bb2 {[%clk 0:07:30]} Rb6
{[%clk 0:03:59]} 28. Ba1 {[%clk 0:06:08]} Ra6 {[%clk 0:03:59]} 29. Rf3
{[%clk 0:05:01]} Kf8 {[%clk 0:03:36]} 30. e5 {[%clk 0:05:03]} Re8
{[%clk 0:03:16]} 31. Bb2 {[%clk 0:04:31]} Rb6 {[%clk 0:03:03]} 32. Bc3
{[%clk 0:03:59]} Nh4 {[%clk 0:02:38]} 33. Rh3 {[%clk 0:03:20]} Nf5
{[%clk 0:02:47]} 34. d6 {[%clk 0:02:02]} Nd4 {[%clk 0:01:18]} 35. Kf2
{[%clk 0:01:52]} Kg8 {[%clk 0:01:04]} 36. Rd3 {[%clk 0:01:38]} Ne6
{[%clk 0:00:15]} 37. Ke3 {[%clk 0:01:24]} f5 {[%clk 0:00:23]} 38. h3
{[%clk 0:00:30]} Kf7 {[%clk 0:00:25]} 39. g4 {[%clk 0:00:36]} Kg6
{[%clk 0:00:35]} 40. d7 {[%clk 0:00:32]} Rf8 {[%clk 0:00:27]} 41. Ba5
{[%clk 0:00:38]} Rb2 {[%clk 0:00:32]} 42. Bb3 {[%clk 0:00:16]} b6
{[%clk 0:00:41]} 43. Bd2 {[%clk 0:00:23]} Nd4 {[%clk 0:00:40]} 44. Ba4
{[%clk 0:00:27]} a6 {[%clk 0:00:34]} 45. Bc6 {[%clk 0:00:28]} Kf7
{[%clk 0:00:25]} 46. Bd5+ {[%clk 0:00:17]} Ke7 {[%clk 0:00:35]} 47. gxf5
{[%clk 0:00:24]} Nxf5+ {[%clk 0:00:42]} 48. Ke4 {[%clk 0:00:27]} Nd4
{[%clk 0:00:49]} 49. Bc3 {[%clk 0:00:17]} Re2+ {[%clk 0:00:58]} 50. Re3
{[%clk 0:00:26]} Rxe3+ {[%clk 0:00:42]} 51. Kxe3 {[%clk 0:00:35]} Nf5+
{[%clk 0:00:21]} 52. Ke4 {[%clk 0:00:36]} Kxd7 {[%clk 0:00:29]} 53. Bb7
{[%clk 0:00:16]} a5 {[%clk 0:00:14]} 54. Bd5 {[%clk 0:00:18]} Ng3+
{[%clk 0:00:14]} 55. Kf3 {[%clk 0:00:25]} Nf5 {[%clk 0:00:23]} 56. Ke4
{[%clk 0:00:23]} Ng3+ {[%clk 0:00:32]} 57. Kf3 {[%clk 0:00:32]} Nf5
{[%clk 0:00:39]} 58. Ke4 {[%clk 0:00:41]} Ng3+ {[%clk 0:00:47]} 59. Kf3
{[%clk 0:00:50]} Nf5 {[%clk 0:00:56]} 60. Ke4 {[%clk 0:00:58]} 1/2-1/2

[Event "Team Championship (men rapid)"]
[Site "Sochi"]
[Date "2017.10.03"]
[Round "4.30"]
[White "Murzin, Volodar"]
[Black "Iljin, Timofey"]
[Result "0-1"]
[LiveChessVersion "1.4.8"]
[BlackElo "2500"]
[WhiteElo "2336"]

1. e4 {[%clk 0:15:19]} c5 {[%clk 0:15:19]} 2. Nf3 {[%clk 0:15:28]} Nc6
{[%clk 0:15:28]} 3. g3 {[%clk 0:15:36]} g6 {[%clk 0:15:27]} 4. Bg2
{[%clk 0:15:45]} Bg7 {[%clk 0:15:36]} 5. O-O {[%clk 0:15:53]} e6 {[%clk 0:15:32]}
6. Re1 {[%clk 0:16:01]} Nf6 {[%clk 0:15:34]} 7. d3 {[%clk 0:15:40]} O-O
{[%clk 0:15:28]} 8. Nc3 {[%clk 0:15:46]} d5 {[%clk 0:15:24]} 9. exd5
{[%clk 0:15:01]} exd5 {[%clk 0:14:42]} 10. Bf4 {[%clk 0:15:09]} Be6
{[%clk 0:14:04]} 11. Nb5 {[%clk 0:14:53]} Nh5 {[%clk 0:13:44]} 12. Bd6
{[%clk 0:11:18]} Re8 {[%clk 0:13:47]} 13. Bxc5 {[%clk 0:11:15]} Qa5
{[%clk 0:13:06]} 14. a4 {[%clk 0:11:09]} a6 {[%clk 0:12:45]} 15. b4
{[%clk 0:11:17]} Nxb4 {[%clk 0:12:31]} 16. Bxb4 {[%clk 0:11:00]} Qxb4
{[%clk 0:12:40]} 17. Rb1 {[%clk 0:11:07]} Qc5 {[%clk 0:12:00]} 18. d4
{[%clk 0:10:48]} Qc6 {[%clk 0:11:48]} 19. Na3 {[%clk 0:10:54]} Qxa4
{[%clk 0:11:52]} 20. Rb3 {[%clk 0:10:05]} b5 {[%clk 0:11:57]} 21. Nb1
{[%clk 0:10:12]} Qa5 {[%clk 0:11:39]} 22. Ng5 {[%clk 0:09:36]} Bh3
{[%clk 0:08:57]} 23. Rbe3 {[%clk 0:08:56]} Rxe3 {[%clk 0:09:02]} 24. Rxe3
{[%clk 0:09:05]} Bxg2 {[%clk 0:09:08]} 25. Kxg2 {[%clk 0:09:14]} h6
{[%clk 0:08:43]} 26. Nh3 {[%clk 0:08:18]} Qb6 {[%clk 0:08:29]} 27. c3
{[%clk 0:08:16]} a5 {[%clk 0:08:18]} 28. Qb3 {[%clk 0:07:59]} Qc6
{[%clk 0:08:03]} 29. Na3 {[%clk 0:07:55]} Rb8 {[%clk 0:07:43]} 30. Nc2
{[%clk 0:07:41]} a4 {[%clk 0:06:26]} 31. Nb4 {[%clk 0:05:10]} Qc4
{[%clk 0:04:39]} 32. Qxc4 {[%clk 0:04:18]} dxc4 {[%clk 0:04:27]} 33. Nf4
{[%clk 0:04:05]} Nxf4+ {[%clk 0:04:27]} 34. gxf4 {[%clk 0:04:14]} Bf8
{[%clk 0:04:34]} 35. Na2 {[%clk 0:04:23]} Bd6 {[%clk 0:04:09]} 36. Kf3
{[%clk 0:03:42]} Kg7 {[%clk 0:04:17]} 37. Ke4 {[%clk 0:03:33]} Rd8
{[%clk 0:03:33]} 38. h3 {[%clk 0:02:33]} Kf6 {[%clk 0:03:17]} 39. Kf3
{[%clk 0:02:41]} h5 {[%clk 0:02:52]} 40. Re1 {[%clk 0:02:45]} Rb8
{[%clk 0:02:03]} 41. Rg1 {[%clk 0:02:19]} a3 {[%clk 0:01:49]} 42. Ke4
{[%clk 0:02:13]} Re8+ {[%clk 0:01:52]} 43. Kf3 {[%clk 0:02:11]} Rb8
{[%clk 0:01:27]} 44. Ke4 {[%clk 0:02:18]} Ke6 {[%clk 0:00:55]} 45. Rg5
{[%clk 0:00:45]} f5+ {[%clk 0:00:40]} 46. Ke3 {[%clk 0:00:37]} Kf6
{[%clk 0:00:41]} 47. Rg1 {[%clk 0:00:46]} Re8+ {[%clk 0:00:48]} 48. Kf3
{[%clk 0:00:53]} Re4 {[%clk 0:00:57]} 49. Rb1 {[%clk 0:00:57]} Rxf4+
{[%clk 0:01:04]} 50. Kg2 {[%clk 0:00:59]} Re4 {[%clk 0:01:13]} 51. Kf1
{[%clk 0:01:02]} Rh4 {[%clk 0:00:31]} 52. Kg2 {[%clk 0:00:55]} g5
{[%clk 0:00:27]} 53. Rxb5 {[%clk 0:01:03]} g4 {[%clk 0:00:36]} 54. hxg4 Rxg4+
{[%clk 0:00:40]} 55. Kh3 {[%clk 0:01:03]} Rg1 {[%clk 0:00:42]} 56. Rb6
{[%clk 0:01:08]} Ke7 {[%clk 0:00:48]} 57. Rb7+ {[%clk 0:00:54]} Ke6
{[%clk 0:00:57]} 58. Rb6 {[%clk 0:00:57]} Ra1 {[%clk 0:00:44]} 59. Nb4
{[%clk 0:01:04]} a2 {[%clk 0:00:37]} 60. d5+ {[%clk 0:00:51]} Kd7
{[%clk 0:00:40]} 61. Nxa2 {[%clk 0:00:46]} Rxa2 {[%clk 0:00:48]} 62. Rc6
{[%clk 0:00:50]} Rxf2 {[%clk 0:00:45]} 63. Kh4 {[%clk 0:01:00]} Rh2+
{[%clk 0:00:36]} 64. Kg5 {[%clk 0:01:09]} f4 {[%clk 0:00:40]} 65. Ra6
{[%clk 0:01:07]} f3 {[%clk 0:00:47]} 66. Ra7+ {[%clk 0:01:14]} Bc7
{[%clk 0:00:53]} 67. d6 {[%clk 0:01:21]} Kxd6 {[%clk 0:00:58]} 0-1

[Event "Team Championship (men rapid)"]
[Site "Sochi"]
[Date "2017.10.03"]
[Round "4.31"]
[White "Papenin, Nikolai"]
[Black "Poliakov, Artem"]
[Result "1-0"]
[LiveChessVersion "1.4.8"]
[BlackElo "2085"]
[WhiteElo "2353"]

1. d4 {[%clk 0:15:19]} d6 {[%clk 0:15:19]} 2. c4 e5 3. Nf3 {[%clk 0:15:36]} e4
{[%clk 0:15:39]} 4. Ng5 {[%clk 0:15:44]} f5 {[%clk 0:15:48]} 5. g3
{[%clk 0:15:51]} Be7 {[%clk 0:15:54]} 6. Nh3 {[%clk 0:15:57]} Nf6
{[%clk 0:16:03]} 7. Bg2 {[%clk 0:16:06]} O-O {[%clk 0:16:09]} 8. Nc3
{[%clk 0:16:06]} c5 {[%clk 0:16:19]} 9. d5 {[%clk 0:16:07]} Nbd7 {[%clk 0:16:26]}
10. O-O {[%clk 0:15:58]} Ne5 {[%clk 0:16:35]} 11. b3 {[%clk 0:16:07]} h6
{[%clk 0:16:24]} 12. f3 {[%clk 0:15:49]} exf3 {[%clk 0:16:32]} 13. exf3
{[%clk 0:15:57]} Bd7 {[%clk 0:16:40]} 14. Nf4 {[%clk 0:15:35]} g5
{[%clk 0:16:32]} 15. Ne6 Bxe6 {[%clk 0:16:34]} 16. dxe6 {[%clk 0:15:49]} Qc8
{[%clk 0:16:41]} 17. f4 {[%clk 0:15:42]} gxf4 {[%clk 0:16:48]} 18. gxf4
{[%clk 0:15:43]} Nc6 {[%clk 0:16:53]} 19. Bb2 {[%clk 0:14:29]} Kh7
{[%clk 0:16:29]} 20. Nd5 {[%clk 0:12:01]} Nxd5 {[%clk 0:16:45]} 21. cxd5
{[%clk 0:11:29]} Nd4 {[%clk 0:16:43]} 22. Kh1 {[%clk 0:09:02]} Bf6
{[%clk 0:15:39]} 23. Bh3 {[%clk 0:08:45]} Qe8 {[%clk 0:15:47]} 24. Rg1
{[%clk 0:08:22]} Kh8 {[%clk 0:15:26]} 25. Rg3 {[%clk 0:08:00]} Nb5
{[%clk 0:15:17]} 26. Qe2 {[%clk 0:07:20]} Bxb2 {[%clk 0:15:00]} 27. Qxb2+
{[%clk 0:07:28]} Nd4 {[%clk 0:15:10]} 28. Rag1 {[%clk 0:06:38]} Qh5
{[%clk 0:14:36]} 29. Qg2 {[%clk 0:01:16]} Ne2 {[%clk 0:13:57]} 30. Rg6
{[%clk 0:01:25]} Rae8 {[%clk 0:12:56]} 31. Bxf5 {[%clk 0:00:58]} Nd4
{[%clk 0:11:44]} 32. Be4 {[%clk 0:00:37]} Qh4 {[%clk 0:10:40]} 33. Rg7
{[%clk 0:00:33]} Re7 {[%clk 0:10:30]} 34. Rg8+ {[%clk 0:00:40]} 1-0

[Event "Team Championship (men rapid)"]
[Site "Sochi"]
[Date "2017.10.03"]
[Round "4.32"]
[White "Maltsevskaya, Aleksandra"]
[Black "Derjabin, Ilja"]
[Result "0-1"]
[LiveChessVersion "1.4.8"]
[BlackElo "2334"]
[WhiteElo "2229"]

1. e4 {[%clk 0:15:18]} d5 {[%clk 0:15:16]} 2. exd5 {[%clk 0:15:27]} Nf6
{[%clk 0:15:25]} 3. Nf3 {[%clk 0:15:36]} Nxd5 {[%clk 0:15:32]} 4. d4
{[%clk 0:15:43]} Nb6 {[%clk 0:15:40]} 5. Be2 {[%clk 0:15:43]} g6 {[%clk 0:15:49]}
6. c4 {[%clk 0:15:41]} Bg7 {[%clk 0:15:55]} 7. Nc3 {[%clk 0:15:48]} O-O
{[%clk 0:14:52]} 8. Be3 {[%clk 0:15:52]} c6 {[%clk 0:14:34]} 9. O-O
{[%clk 0:14:24]} N8d7 {[%clk 0:14:41]} 10. Qc2 {[%clk 0:14:13]} Nf6
{[%clk 0:14:41]} 11. h3 {[%clk 0:14:14]} Bf5 {[%clk 0:14:46]} 12. Qb3
{[%clk 0:14:22]} Qc7 {[%clk 0:14:37]} 13. Rad1 {[%clk 0:14:09]} Rad8
{[%clk 0:13:35]} 14. a4 {[%clk 0:11:41]} h6 {[%clk 0:12:28]} 15. Rc1
{[%clk 0:09:20]} g5 {[%clk 0:12:16]} 16. Rfd1 {[%clk 0:08:50]} g4
{[%clk 0:11:05]} 17. Nh4 {[%clk 0:08:18]} Bd7 {[%clk 0:11:01]} 18. g3
{[%clk 0:08:08]} gxh3 {[%clk 0:10:55]} 19. Bf4 {[%clk 0:08:18]} Qc8
{[%clk 0:11:05]} 20. a5 {[%clk 0:07:20]} Na8 {[%clk 0:11:13]} 21. Qc2
{[%clk 0:06:43]} Nc7 {[%clk 0:07:14]} 22. Qd2 {[%clk 0:05:07]} h5
{[%clk 0:07:07]} 23. Bh6 {[%clk 0:04:29]} Nce8 {[%clk 0:07:15]} 24. Qg5
{[%clk 0:02:46]} Nh7 {[%clk 0:07:15]} 25. Qe3 {[%clk 0:02:54]} Nef6
{[%clk 0:06:55]} 26. Bxg7 {[%clk 0:02:08]} Kxg7 {[%clk 0:07:05]} 27. Qxe7
{[%clk 0:01:37]} Bg4 {[%clk 0:03:55]} 28. Qc5 {[%clk 0:01:15]} Rfe8
{[%clk 0:02:35]} 29. Re1 {[%clk 0:00:53]} b6 {[%clk 0:01:40]} 30. axb6
{[%clk 0:00:36]} axb6 {[%clk 0:01:50]} 31. Bxg4 {[%clk 0:00:32]} Qxg4
{[%clk 0:01:58]} 32. Qxc6 {[%clk 0:00:28]} Ng5 {[%clk 0:02:03]} 33. Re5
{[%clk 0:00:17]} h2+ {[%clk 0:01:23]} 34. Kh1 {[%clk 0:00:13]} Rxe5
{[%clk 0:01:30]} 35. dxe5 {[%clk 0:00:22]} Nfe4 {[%clk 0:01:39]} 36. Nxe4
{[%clk 0:00:24]} Nxe4 {[%clk 0:01:48]} 37. Kxh2 {[%clk 0:00:27]} Rd2
{[%clk 0:01:53]} 38. Rf1 {[%clk 0:00:33]} Qxg3+ {[%clk 0:02:01]} 39. Kh1
{[%clk 0:00:37]} Qxh4+ {[%clk 0:02:08]} 40. Kg1 {[%clk 0:00:46]} Qg4+
{[%clk 0:02:07]} 0-1

[Event "Team Championship (men rapid)"]
[Site "Sochi"]
[Date "2017.10.03"]
[Round "5.2"]
[White "Morozevich, Alexander"]
[Black "Riazantsev, Alexander"]
[Result "1/2-1/2"]
[LiveChessVersion "1.4.8"]
[BlackElo "2720"]
[WhiteElo "2636"]

1. d4 {[%clk 0:12:22]} Nf6 {[%clk 0:15:17]} 2. c4 {[%clk 0:12:30]} e6
{[%clk 0:15:26]} 3. Nc3 {[%clk 0:12:39]} Bb4 {[%clk 0:15:22]} 4. Qc2
{[%clk 0:12:47]} d6 {[%clk 0:14:45]} 5. Bg5 {[%clk 0:12:36]} Nbd7
{[%clk 0:14:50]} 6. e3 {[%clk 0:12:43]} b6 {[%clk 0:14:45]} 7. Nge2
{[%clk 0:12:50]} Bb7 {[%clk 0:14:32]} 8. a3 {[%clk 0:12:40]} Bxc3+
{[%clk 0:14:40]} 9. Nxc3 {[%clk 0:12:48]} h6 {[%clk 0:13:11]} 10. Bh4
{[%clk 0:12:56]} g5 {[%clk 0:12:22]} 11. Bg3 {[%clk 0:13:04]} Nh5
{[%clk 0:12:31]} 12. O-O-O {[%clk 0:12:30]} Qe7 {[%clk 0:11:42]} 13. Nb5
{[%clk 0:08:50]} Nxg3 {[%clk 0:11:22]} 14. hxg3 {[%clk 0:08:54]} Nf6
{[%clk 0:10:54]} 15. d5 {[%clk 0:07:59]} e5 {[%clk 0:10:07]} 16. Bd3
{[%clk 0:04:54]} a6 {[%clk 0:09:11]} 17. Nc3 {[%clk 0:05:02]} Kf8
{[%clk 0:08:38]} 18. Bf5 {[%clk 0:04:17]} Kg7 {[%clk 0:08:30]} 19. g4
{[%clk 0:04:21]} c6 {[%clk 0:07:56]} 20. dxc6 {[%clk 0:04:05]} Bxc6
{[%clk 0:08:05]} 21. f3 {[%clk 0:04:14]} b5 {[%clk 0:07:51]} 22. Qd2
{[%clk 0:02:39]} Rad8 {[%clk 0:06:29]} 23. cxb5 {[%clk 0:02:47]} axb5
{[%clk 0:06:26]} 24. Kb1 {[%clk 0:02:56]} d5 {[%clk 0:05:19]} 25. Ne2
{[%clk 0:02:47]} Rb8 {[%clk 0:04:06]} 26. Rc1 {[%clk 0:02:53]} Rb6
{[%clk 0:04:15]} 27. b4 {[%clk 0:00:51]} Ra6 {[%clk 0:03:41]} 28. Kb2
{[%clk 0:01:00]} Rha8 {[%clk 0:03:30]} 29. Ra1 {[%clk 0:01:08]} Ne8
{[%clk 0:03:04]} 30. Bd3 {[%clk 0:01:03]} Nd6 {[%clk 0:03:06]} 31. Ng3
{[%clk 0:00:57]} Qa7 {[%clk 0:02:11]} 32. Qc3 d4 33. exd4 {[%clk 0:00:45]} exd4
{[%clk 0:01:40]} 34. Qc5 {[%clk 0:00:54]} Rxa3 {[%clk 0:00:59]} 35. Qxa7
{[%clk 0:00:24]} R3xa7 {[%clk 0:01:08]} 36. Rxa7 {[%clk 0:00:17]} Rxa7
{[%clk 0:01:17]} 37. Ne2 {[%clk 0:00:26]} Bd5 {[%clk 0:00:37]} 38. Ra1
{[%clk 0:00:35]} Rxa1 {[%clk 0:00:22]} 39. Kxa1 {[%clk 0:00:44]} Kf6
{[%clk 0:00:22]} 40. Nxd4 {[%clk 0:00:53]} Ke5 {[%clk 0:00:25]} 41. Nxb5
{[%clk 0:00:50]} Nxb5 {[%clk 0:00:33]} 42. Bxb5 {[%clk 0:00:59]} Kf4
{[%clk 0:00:43]} 43. Bd7 {[%clk 0:01:04]} Kg3 {[%clk 0:00:49]} 44. b5
{[%clk 0:01:13]} Kxg2 {[%clk 0:00:47]} 45. Bc6 {[%clk 0:01:20]} Bc4
{[%clk 0:00:56]} 46. b6 {[%clk 0:01:22]} Ba6 {[%clk 0:01:05]} 47. Kb2
{[%clk 0:01:28]} Kg3 {[%clk 0:01:11]} 48. Kc3 {[%clk 0:01:24]} Kf4
{[%clk 0:01:18]} 49. Kd4 {[%clk 0:00:44]} f5 {[%clk 0:01:28]} 50. gxf5
{[%clk 0:00:49]} Kxf5 {[%clk 0:01:37]} 51. Kd5 {[%clk 0:00:52]} h5
{[%clk 0:01:25]} 52. Kd6 {[%clk 0:01:01]} h4 {[%clk 0:01:13]} 53. Kc7
{[%clk 0:01:09]} Kf4 {[%clk 0:01:09]} 54. Bb5 {[%clk 0:01:16]} h3
{[%clk 0:01:18]} 55. Bxa6 {[%clk 0:01:17]} h2 {[%clk 0:01:27]} 56. b7
{[%clk 0:01:25]} h1=Q {[%clk 0:01:36]} 1/2-1/2

[Event "Team Championship (men rapid)"]
[Site "Sochi"]
[Date "2017.10.03"]
[Round "5.3"]
[White "Rublevsky, Sergei"]
[Black "Savchenko, Boris"]
[Result "1/2-1/2"]
[LiveChessVersion "1.4.8"]
[BlackElo "2669"]
[WhiteElo "2646"]

1. e4 {[%clk 0:15:19]} e6 {[%clk 0:15:19]} 2. d4 {[%clk 0:15:27]} d5
{[%clk 0:15:28]} 3. Nd2 {[%clk 0:15:35]} c5 {[%clk 0:15:37]} 4. Ngf3
{[%clk 0:15:38]} Nf6 {[%clk 0:15:45]} 5. exd5 {[%clk 0:15:29]} exd5
{[%clk 0:15:53]} 6. Bb5+ {[%clk 0:15:33]} Bd7 {[%clk 0:16:02]} 7. Bxd7+
{[%clk 0:15:35]} Nbxd7 {[%clk 0:16:09]} 8. O-O {[%clk 0:15:35]} Be7
{[%clk 0:16:18]} 9. dxc5 {[%clk 0:15:07]} Nxc5 {[%clk 0:16:26]} 10. Re1
{[%clk 0:15:16]} O-O {[%clk 0:16:33]} 11. Nf1 {[%clk 0:15:24]} Re8
{[%clk 0:16:40]} 12. Be3 {[%clk 0:15:33]} Qd7 {[%clk 0:16:41]} 13. c3
{[%clk 0:15:03]} a5 {[%clk 0:16:22]} 14. Bd4 {[%clk 0:14:51]} Rac8
{[%clk 0:14:15]} 15. Ne3 {[%clk 0:14:53]} Nfe4 {[%clk 0:11:25]} 16. Ne5
{[%clk 0:14:32]} Qd8 {[%clk 0:11:32]} 17. Qh5 {[%clk 0:11:36]} g6
{[%clk 0:11:38]} 18. Qf3 {[%clk 0:11:28]} f5 {[%clk 0:10:28]} 19. Nxf5
{[%clk 0:07:45]} gxf5 {[%clk 0:10:36]} 20. Qxf5 {[%clk 0:07:53]} Bf6
{[%clk 0:09:08]} 21. f3 {[%clk 0:05:09]} Nd6 {[%clk 0:03:51]} 22. Qg4+
{[%clk 0:05:17]} Kf8 {[%clk 0:03:59]} 23. Rad1 {[%clk 0:03:42]} Ne6
{[%clk 0:03:13]} 24. Nd7+ {[%clk 0:02:48]} Qxd7 {[%clk 0:03:21]} 25. Bxf6
{[%clk 0:02:57]} Qf7 {[%clk 0:02:14]} 26. Rxd5 {[%clk 0:02:08]} Qxf6
{[%clk 0:01:41]} 27. Rxd6 {[%clk 0:02:15]} Rc6 {[%clk 0:01:49]} 28. Rd5
{[%clk 0:01:39]} Qg6 {[%clk 0:01:25]} 29. Rf5+ {[%clk 0:01:15]} Kg7
{[%clk 0:01:28]} 30. Qxg6+ {[%clk 0:01:03]} Kxg6 {[%clk 0:01:37]} 31. Rxa5
{[%clk 0:01:10]} Rd8 {[%clk 0:01:45]} 32. Rae5 {[%clk 0:01:10]} Nf4
{[%clk 0:01:48]} 33. R5e4 {[%clk 0:00:36]} Rf6 {[%clk 0:01:53]} 34. g3
{[%clk 0:00:14]} Nh3+ {[%clk 0:02:02]} 35. Kg2 {[%clk 0:00:21]} Ng5
{[%clk 0:02:10]} 36. R4e3 {[%clk 0:00:27]} Nxf3 {[%clk 0:02:16]} 37. R1e2
{[%clk 0:00:34]} Rd2 {[%clk 0:01:54]} 38. Rxd2 {[%clk 0:00:40]} Nxd2
{[%clk 0:02:02]} 39. b3 {[%clk 0:00:46]} Ra6 {[%clk 0:02:09]} 40. Re7
{[%clk 0:00:36]} Rxa2 {[%clk 0:01:55]} 41. Rxb7 {[%clk 0:00:44]} Nxb3+
{[%clk 0:01:47]} 42. Kh3 {[%clk 0:00:43]} Nc5 {[%clk 0:01:38]} 43. Rb6+
{[%clk 0:00:52]} Kg7 {[%clk 0:01:44]} 44. g4 {[%clk 0:00:42]} h6 {[%clk 0:00:51]}
45. Kg3 {[%clk 0:00:38]} Rc2 {[%clk 0:00:57]} 46. h4 {[%clk 0:00:35]} Rxc3+
{[%clk 0:00:53]} 47. Kf4 {[%clk 0:00:43]} Rc1 {[%clk 0:00:20]} 48. g5
{[%clk 0:00:25]} h5 {[%clk 0:00:22]} 49. Rh6 {[%clk 0:00:17]} Rc4+
{[%clk 0:00:15]} 50. Kg3 {[%clk 0:00:26]} Ne4+ {[%clk 0:00:12]} 51. Kg2
{[%clk 0:00:35]} Rc2+ {[%clk 0:00:14]} 52. Kf3 {[%clk 0:00:43]} Nd2+
{[%clk 0:00:22]} 53. Ke3 {[%clk 0:00:36]} Nf1+ {[%clk 0:00:30]} 54. Kd3
{[%clk 0:00:43]} Rd2+ {[%clk 0:00:36]} 55. Kc3 {[%clk 0:00:53]} Rh2
{[%clk 0:00:33]} 56. Rxh5 {[%clk 0:01:00]} Ng3 {[%clk 0:00:41]} 57. Rh6
{[%clk 0:01:08]} Nf5 {[%clk 0:00:50]} 58. Ra6 {[%clk 0:01:11]} Rxh4
{[%clk 0:00:58]} 59. g6 {[%clk 0:01:16]} Rg4 {[%clk 0:01:07]} 60. Kd3
{[%clk 0:01:24]} Nh4 {[%clk 0:01:15]} 61. Ra7+ {[%clk 0:01:30]} Kxg6
{[%clk 0:01:23]} 62. Ra8 {[%clk 0:01:35]} Kf6 {[%clk 0:01:29]} 63. Rf8+
{[%clk 0:01:42]} Ke7 {[%clk 0:01:38]} 64. Ra8 {[%clk 0:01:50]} Nf5
{[%clk 0:01:45]} 65. Ra6 {[%clk 0:01:53]} Rd4+ {[%clk 0:01:52]} 66. Kc3
{[%clk 0:02:02]} Rd7 {[%clk 0:02:00]} 67. Ra8 {[%clk 0:01:57]} Ke6
{[%clk 0:02:06]} 68. Re8+ {[%clk 0:02:01]} Kd5 {[%clk 0:02:11]} 69. Kd3
{[%clk 0:02:03]} Nd6 {[%clk 0:02:12]} 70. Rh8 {[%clk 0:02:09]} Ke5
{[%clk 0:02:18]} 71. Ke2 {[%clk 0:02:09]} Nf5 {[%clk 0:02:25]} 72. Re8+
{[%clk 0:02:13]} Kf4 {[%clk 0:02:33]} 73. Rf8 {[%clk 0:02:21]} Ke4
{[%clk 0:02:35]} 74. Re8+ {[%clk 0:02:29]} Ne7 {[%clk 0:02:44]} 75. Ra8
{[%clk 0:02:27]} Nc6 {[%clk 0:02:51]} 76. Re8+ {[%clk 0:02:35]} Ne5
{[%clk 0:03:00]} 77. Re6 {[%clk 0:02:24]} Rd8 {[%clk 0:02:57]} 78. Re7
{[%clk 0:02:28]} Ra8 {[%clk 0:02:55]} 79. Ke1 {[%clk 0:02:19]} Kd4
{[%clk 0:02:56]} 80. Kf1 {[%clk 0:02:14]} Ra2 {[%clk 0:03:01]} 81. Re8
{[%clk 0:02:18]} Ng6 {[%clk 0:02:59]} 82. Rd8+ {[%clk 0:02:07]} Ke3
{[%clk 0:03:05]} 83. Re8+ {[%clk 0:02:10]} Kf3 {[%clk 0:03:13]} 84. Ke1
{[%clk 0:02:14]} Rb2 {[%clk 0:03:08]} 85. Kd1 {[%clk 0:02:16]} Nf4
{[%clk 0:03:09]} 86. Rf8 {[%clk 0:02:15]} Rb6 {[%clk 0:03:07]} 87. Kd2
{[%clk 0:02:04]} Rd6+ {[%clk 0:03:14]} 88. Kc3 {[%clk 0:02:05]} Ke3
{[%clk 0:03:18]} 89. Re8+ {[%clk 0:02:09]} Ne6 {[%clk 0:03:27]} 90. Kc4
{[%clk 0:02:02]} Ke4 {[%clk 0:03:34]} 91. Kc3 Ke5 1/2-1/2